00902nam a2200217 a 4500001001000000003000500010005001700015008004100032010001100073011001100084040000900095100003000104245016400134260004100298500006000339502008000399650003700479650003800516650006000554856007000614000112904CHAP20220329144327.0170209s2016 mx sm |||||||spa d a109365 a110337 cCHAP1 aPérez Sánchez, Teresa10aDeterminación de la productividad en el aserradero "Plan Maestro Los Ocotones" en Cintalapa de Figueroa, Chiapash[En línea]cpor Teresa Pérez Sánchez. aChapingo, Méx. :bEl autor,c2016. aPara ver el contenido del material haga clic en la liga aTesis (Ing. Forestal Industrial) -- UACH. División de Ciencias Forestales14aAserraderosxControl de calidad.14aMadera aserradaxAprovechamiento.14aMadera aserradaxProcesos de manufacturaxEvaluación. aFinding aiduhttp://10.13.5.2/tesis/sist112904.pdfzTeclea aquí